Cosas de Chile! Cuadros i recuerdos del estado de sitio de 1850. Francisco Bilbao
Enregistré dans:
| Auteur principal: | |
|---|---|
| Format: | Livre |
| Langue: | espagnol |
| Publié: |
Santiago
Imprenta de El Ferrocarril
1876
|
| Édition: | 1a. ed |
| Sujets: | |
| Tags: |
Ajouter un tag
Pas de tags, Soyez le premier à ajouter un tag!
|
MARC
| LEADER | 00000nam a2200000 a 4500 | ||
|---|---|---|---|
| 001 | UCJ5736 | ||
| 003 | CL-VaPUC | ||
| 008 | 070124e18761007CL |||||||||||||||||spa|d | ||
| 082 | 0 | 4 | |a 983 |b VIC |2 21 |
| 100 | |a Vicuña Mackenna, Benjamín, |d 1831-1886 |x Político e historiador |z Chile |e author |9 374 | ||
| 245 | 1 | 0 | |a Cosas de Chile! Cuadros i recuerdos del estado de sitio de 1850. Francisco Bilbao |
| 250 | |a 1a. ed | ||
| 300 | |a 49 p | ||
| 942 | |c BK | ||
| 945 | |d 20070124 00:00:00 |a rinostro | ||
| 260 | |a Santiago |b Imprenta de El Ferrocarril |c 1876 | ||
| 500 | |a Esta copia se encuentra empastada con la obra del mismo autor 'La Ciudad Encantada de los Césares, en un volumen rotulado 'Cosas de Chile'. Briand de la Morandais, cuya pronunciación es Morandé, dió nombre a la actual calle homónima de Santiago | ||
| 600 | 0 | |a Bilbao, Francisco, |d 1823-1865 |9 315180 | |
| 600 | 0 | 7 | |a MORANDAIS, BRIAND DE LA |2 CL-VaPUC |9 508274 |
| 650 | 7 | |a GUERRAS CIVILES |2 CL-VaPUC |9 361938 | |
| 650 | 7 | |a TRADICIONES |2 CL-VaPUC |9 367367 | |
| 650 | 7 | |a LEYENDAS |2 CL-VaPUC |9 265258 | |
| 650 | 0 | |a Cultura |9 269059 | |
| 650 | 7 | |a TOPONIMIA |2 CL-VaPUC |9 511386 | |
| 650 | 7 | |a CALLES Y PASEOS |2 CL-VaPUC |9 329702 | |
| 583 | |a last modification |c 20070124 00:00:00 |k Rodrigo Vera | ||
| 999 | |c 321845 |d 321843 | ||
| 952 | |0 0 |1 0 |4 0 |6 983_000000000000000_VIC_1876 |7 0 |8 X |9 400708 |a FDOBUD |b FDOBUD |d 2019-11-22 |i 1038796 |o 983 VIC 1876 |p 1038796 |r 2019-11-22 |w 2019-11-22 |y BK_X |k BUD | ||